| 000 | 00415nam a2200157 a 4500 | ||
|---|---|---|---|
| 001 | 2059 | ||
| 005 | 20140414131913.0 | ||
| 008 | 040111s19uu xx 00 eng d | ||
| 020 | _a1-85697-081-7 | ||
| 050 |
_aER _bG54 1993 |
||
| 100 | _aCarter, Margaret | ||
| 245 |
_aGoldilocks and other stories / _cMargaret Carter. |
||
| 260 |
_aLondon : _bKingfishers Book, _c1993. |
||
| 300 | _a29 p. ; cm. | ||
| 999 |
_c111301 _d111301 |
||